00422nam a2200145 i 450000100060000000300090000600500170001500700030003200800410003510000230007624500800009926000470017930000290022685200210025528720ES-MaACL20230906153921.0t|030120s1916 xxk ||||1| eng d1 aBakshy, Alexander.14aThe path of the modern Russian stage and other essays / cAlexander Bakshy. aLondon : bCecil Palmer & Hayward, c1916. aXXIII, 243 p. ; c21 cm. aES-MaACLjD-3441